00150nam a2200061Ia 4500008004100000100002400041245002300065120527s9999 xx 000 0 und d aBrosnan & Reinhardt aThe nature of life